[Event "Frankfurt-chA"]
[White "Makilla, Tobias"]
[Black "Gerhard, Dominik"]
[Site "Frankfurt"]
[Round "1"]
[Result "1/2-1/2"]
[Date "2022.04.25"]
[WhiteElo "1939"]
[BlackElo "1662"]
[PlyCount "167"]
[EventDate "2022.04.25"]
[EventType "swiss"]
[EventRounds "7"]
[EventCountry "GER"]
[SourceTitle "EXT 2023"]
[Source "ChessBase"]
[SourceDate "2022.10.05"]
[SourceVersion "1"]
[SourceVersionDate "2022.10.05"]
[SourceQuality "1"]

1. e4 d5 2. exd5 Qxd5 3. Nc3 Qa5 4. b4 Qxb4 5. Nb5 Qa5 6. Bc4 Nf6 7. Rb1 a6 8. Nc3 Qe5+ 9. Nge2 b5 10. d4 Qh5 11. Bb3 Bb7 12. f3 Qh4+ 13. Ng3 e6 14. 0-0 Bd6 15. Nce2 0-0 16. Be3 Nd5 17. Qd2 Nxe3 18. Qxe3 Qe7 19. c3 Nd7 20. Bc2 Bd5 21. a4 c6 22. Ne4 Nb6 23. Qd3 g6 24. Nxd6 Qxd6 25. axb5 cxb5 26. Qe3 Bc4 27. Rfe1 Nd5 28. Qd2 Rfb8 29. Ng3 Qf4 30. Qxf4 Nxf4 31. Rec1 a5 32. Kf2 a4 33. Be4 Ra6 34. Ra1 Ra7 35. Nf1 Bd3 36. Rd1 Bxf1 37. Rxf1 Nd5 38. Bxd5 exd5 39. Rfe1 Rc7 40. Ra3 Rbc8 41. Re3 Kf8 42. Ke2 Re7 43. Ra1 Rxc3 44. Rxe7 Kxe7 45. Rb1 Rb3 46. Rxb3 axb3 47. Kd3 Kd6 48. Kc3 Kc6 49. Kxb3 Kb6 50. Kb4 f5 51. f4 h6 52. g3 g5 53. fxg5 hxg5 54. h4 gxh4 55. gxh4 f4 56. h5 f3 57. h6 f2 58. h7 f1Q 59. h8Q Qc4+ 60. Ka3 Qc3+ 61. Ka2 Qc2+ 62. Ka3 Qc1+ 63. Ka2 Qc4+ 64. Kb2 b4 65. Qd8+ Kc6 66. Qe8+ Kd6 67. Qg6+ Kc7 68. Qf7+ Kb6 69. Qf6+ Qc6 70. Qd8+ Kb5 71. Qb8+ Qb6 72. Qe8+ Qc6 73. Qe2+ Kb6 74. Qe5 Qc3+ 75. Kb1 Qb3+ 76. Kc1 Kb5 77. Qb8+ Kc4 78. Qc7+ Kxd4 79. Qf4+ Kd3 80. Qg3+ Kc4 81. Qc7+ Kd4 82. Qf4+ Kc3 83. Qg3+ Kc4 84. Qc7+ 1/2-1/2

[Event "Heusenstamm Sparkassen op-A 7th"]
[White "Makilla, Tobias"]
[Black "Bluebaum, Johanna"]
[Site "Heusenstamm"]
[Round "6.37"]
[Result "0-1"]
[Date "2021.11.21"]
[WhiteElo "1924"]
[BlackElo "2046"]
[PlyCount "80"]
[EventDate "2021.11.18"]
[EventType "swiss"]
[EventRounds "7"]
[EventCountry "GER"]
[SourceTitle "EXT 2023"]
[Source "ChessBase"]
[SourceDate "2022.10.05"]
[SourceVersion "1"]
[SourceVersionDate "2022.10.05"]
[SourceQuality "1"]

1. e4 e6 2. b3 d5 3. Bb2 Nf6 4. e5 Nfd7 5. Qg4 c5 6. f4 Nc6 7. Nf3 g6 8. Be2 b6 9. 0-0 Bb7 10. Nc3 a6 11. Rae1 Be7 12. Nxd5 exd5 13. e6 f6 14. exd7+ Qxd7 15. Qh4 d4 16. Bc4 Kd8 17. c3 Kc7 18. cxd4 cxd4 19. Qf2 Bc5 20. d3 Rad8 21. a3 b5 22. Be6 Qd6 23. b4 Bb6 24. Nd2 f5 25. Re2 Rhe8 26. Rfe1 Re7 27. Ba2 Rde8 28. Rxe7+ Rxe7 29. Rc1 Re3 30. Bb1 Qe7 31. Kf1 Kb8 32. Nb3 Qd6 33. Nc5 Ne7 34. Nxb7 Kxb7 35. Re1 Nd5 36. Rxe3 Nxe3+ 37. Kg1 Qd5 38. Bc1 Nd1 39. Qf3 Qxf3 40. gxf3 Nc3 0-1

[Event "Frankfurt-chA"]
[White "Makilla, Tobias"]
[Black "Merten, Rainer"]
[Site "Frankfurt"]
[Round "7"]
[Result "1-0"]
[Date "2018.06.18"]
[WhiteElo "1900"]
[BlackElo "1670"]
[PlyCount "61"]
[EventDate "2018.04.30"]
[EventType "swiss"]
[EventRounds "7"]
[EventCountry "GER"]
[SourceTitle "EXT 2019"]
[Source "ChessBase"]
[SourceDate "2018.10.10"]
[SourceVersion "1"]
[SourceVersionDate "2018.10.10"]
[SourceQuality "1"]

1. e4 c5 2. Nf3 Nc6 3. d4 cxd4 4. Nxd4 e6 5. Nc3 a6 6. Nxc6 bxc6 7. e5 Ne7 8. Bg5 Qa5 9. Qd4 c5 10. Qd2 Nc6 11. f4 h6 12. Bh4 Rb8 13. b3 Nd4 14. Bc4 g5 15. fxg5 Be7 16. 0-0-0 Bb7 17. Rhf1 hxg5 18. Bg3 Bc6 19. Kb2 Bb5 20. Nxb5 Qxd2 21. Nc7+ Kd8 22. Rxd2 Kxc7 23. Rxf7 Rbe8 24. Bxa6 Nf5 25. Bd3 Ref8 26. Rxf8 Rxf8 27. Bb5 Nd4 28. a4 Kb6 29. Bxd7 Rd8 30. Bb5 Rf8 31. Bc4 1-0

[Event "Frankfurt-chA"]
[White "Makilla, Tobias"]
[Black "Stuhlmann, Florian"]
[Site "Frankfurt"]
[Round "5"]
[Result "0-1"]
[Date "2018.06.04"]
[WhiteElo "1900"]
[BlackElo "1699"]
[PlyCount "100"]
[EventDate "2018.04.30"]
[EventType "swiss"]
[EventRounds "7"]
[EventCountry "GER"]
[SourceTitle "EXT 2019"]
[Source "ChessBase"]
[SourceDate "2018.10.10"]
[SourceVersion "1"]
[SourceVersionDate "2018.10.10"]
[SourceQuality "1"]

1. e4 c5 2. Nf3 e6 3. d4 cxd4 4. Nxd4 Nc6 5. Nc3 Qc7 6. Ndb5 Qb8 7. Be3 Nf6 8. Be2 a6 9. Bb6 axb5 10. Nxb5 Ra4 11. Nc7+ Ke7 12. c4 Rb4 13. c5 Rd4 14. Qc1 Nxe4 15. f3 Nf6 16. 0-0 Nd5 17. Nb5 Nxb6 18. cxb6 Rd5 19. Nc7 Rh5 20. Rd1 f6 21. f4 Rh6 22. Rd3 Kf7 23. Qe3 Be7 24. Rc1 Bd8 25. Nb5 d5 26. Bf3 Re8 27. Qc5 Be7 28. Qe3 Bd6 29. g3 Kg8 30. Rxd5 Bf8 31. Rd3 e5 32. Nc7 Rd8 33. Rxd8 Nxd8 34. Rc4 Bd6 35. Nb5 Bd7 36. Na7 Rg6 37. Bd5+ Kh8 38. f5 Rg5 39. Qd2 Nc6 40. Bxc6 bxc6 41. Nxc6 Qxb6+ 42. Kf1 Rxf5+ 43. Kg2 Bxc6+ 44. Kh3 Bd7 45. Kg2 h6 46. Qc2 Qb7+ 47. Kg1 Qf3 48. Qc1 e4 49. Rc3 e3 50. Rd3 Bc6 0-1

[Event "Frankfurt-chA"]
[White "Makilla, Tobias"]
[Black "Stulken, Dietmar"]
[Site "Frankfurt"]
[Round "1"]
[Result "1-0"]
[Date "2017.04.24"]
[WhiteElo "1791"]
[BlackElo "1358"]
[PlyCount "37"]
[EventDate "2017.04.24"]
[EventType "swiss"]
[EventRounds "7"]
[EventCountry "GER"]
[SourceTitle "EXT 2018"]
[Source "ChessBase"]
[SourceDate "2017.10.13"]
[SourceVersion "1"]
[SourceVersionDate "2017.10.13"]
[SourceQuality "1"]

1. e4 e5 2. Nf3 Nc6 3. c3 Nf6 4. d4 exd4 5. e5 Ng8 6. cxd4 Bb4+ 7. Nc3 d6 8. Bb5 Bd7 9. 0-0 dxe5 10. Re1 f6 11. dxe5 Nxe5 12. Nxe5 fxe5 13. Qh5+ Kf8 14. Bc4 Qf6 15. Nd5 Qc6 16. b3 a5 17. Nxb4 g6 18. Nxc6 gxh5 19. Ba3+ 1-0

[Event "Rhein Main op-A 19th"]
[White "Weiland, Thomas"]
[Black "Makilla, Tobias"]
[Site "Bad Homburg"]
[Round "6"]
[Result "0-1"]
[Date "2016.05.28"]
[WhiteElo "1763"]
[BlackElo "1984"]
[PlyCount "60"]
[EventDate "2016.05.25"]
[EventType "swiss"]
[EventRounds "7"]
[EventCountry "GER"]
[SourceTitle "EXT 2017"]
[Source "ChessBase"]
[SourceDate "2016.10.25"]
[SourceVersion "1"]
[SourceVersionDate "2016.10.25"]
[SourceQuality "1"]

1. e4 e5 2. Nf3 Nc6 3. Bb5 a6 4. Ba4 Nf6 5. Nc3 Bc5 6. 0-0 d6 7. d3 Bg4 8. h3 Bh5 9. Bg5 h6 10. Be3 b5 11. Bb3 Nd4 12. Bxd4 Bxd4 13. Rb1 c6 14. Qe2 Qd7 15. Nd1 g5 16. c3 Bb6 17. Ne3 g4 18. hxg4 Nxg4 19. Nf5 0-0-0 20. a4 Nf6 21. axb5 axb5 22. Ra1 Kb7 23. Ra2 Rdg8 24. d4 Rg4 25. Ng3 Rhg8 26. Bc2 exd4 27. Bd3 dxc3 28. Nf5 Rxg2+ 29. Kh1 R2g5 30. bxc3 Bxf3+ 0-1

[Event "Rhein Main op-A 19th"]
[White "Kolthoff, Siegmund"]
[Black "Makilla, Tobias"]
[Site "Bad Homburg"]
[Round "2"]
[Result "1/2-1/2"]
[Date "2016.05.26"]
[WhiteElo "2119"]
[BlackElo "1984"]
[PlyCount "63"]
[EventDate "2016.05.25"]
[EventType "swiss"]
[EventRounds "7"]
[EventCountry "GER"]
[SourceTitle "EXT 2017"]
[Source "ChessBase"]
[SourceDate "2016.10.25"]
[SourceVersion "1"]
[SourceVersionDate "2016.10.25"]
[SourceQuality "1"]

1. d4 d6 2. e4 e5 3. Nf3 exd4 4. Nxd4 Nf6 5. Nc3 Be7 6. Be2 0-0 7. 0-0 Nc6 8. Nxc6 bxc6 9. f4 Bb7 10. Bf3 Re8 11. b3 Bf8 12. Bb2 g6 13. Qd3 Bh6 14. g3 Bg7 15. Rfe1 Nd7 16. Rad1 a5 17. a4 Nc5 18. Qd2 Ne6 19. Ba1 Nd4 20. Bg2 c5 21. Nb5 Nxb5 22. axb5 a4 23. bxa4 Rxa4 24. Bxg7 Kxg7 25. e5 Bxg2 26. Qxg2 Qb8 27. Qc6 Rb4 28. exd6 Rxe1+ 29. Rxe1 cxd6 30. Rd1 Qxb5 31. Qxd6 Qe2 32. Qd3 1/2-1/2

[Event "Rhein Main op-A 19th"]
[White "Makilla, Tobias"]
[Black "Henrich, Thomas"]
[Site "Bad Homburg"]
[Round "1"]
[Result "1/2-1/2"]
[Date "2016.05.25"]
[WhiteElo "1984"]
[BlackElo "2212"]
[PlyCount "120"]
[EventDate "2016.05.25"]
[EventType "swiss"]
[EventRounds "7"]
[EventCountry "GER"]
[SourceTitle "EXT 2017"]
[Source "ChessBase"]
[SourceDate "2016.10.25"]
[SourceVersion "1"]
[SourceVersionDate "2016.10.25"]
[SourceQuality "1"]

1. e4 e6 2. d4 d5 3. Nd2 a6 4. c3 c5 5. Ngf3 Nc6 6. Bd3 cxd4 7. cxd4 Be7 8. 0-0 dxe4 9. Nxe4 Nf6 10. Re1 0-0 11. Be3 Nd5 12. Bg5 f6 13. Be3 Nxe3 14. fxe3 Nb4 15. Bb1 Nd5 16. Qd3 f5 17. Nc3 Qb6 18. Nxd5 exd5 19. Bc2 Be6 20. Bb3 Kh8 21. Rac1 Bf6 22. Rc5 Be7 23. Rc2 f4 24. Qe2 Bf5 25. Rcc1 Bb4 26. Rf1 Be4 27. Ng5 Rae8 28. Nxe4 Rxe4 29. Bxd5 Rxe3 30. Qc4 Bd6 31. Rc2 Re7 32. Rcf2 Rd8 33. Bf3 Rc7 34. Qd3 Be5 35. Kh1 Rxd4 36. Qf5 Qd6 37. Re2 Rc5 38. Rfe1 g6 39. Qf7 Rd1 40. Qe8+ Kg7 41. b4 Rxe1+ 42. Rxe1 Rb5 43. a4 Qxb4 44. Rxe5 Rxe5 45. Qxe5+ Kh6 46. Qa1 b6 47. h3 Qd2 48. Qd1 Qb4 49. Be2 Qa5 50. Kh2 Qe5 51. Qd2 b5 52. axb5 axb5 53. g3 g5 54. gxf4 Qxf4+ 55. Qxf4 gxf4 56. Bxb5 f3 57. Kg3 Kg7 58. Kxf3 h5 59. Kf4 h4 60. Kg4 Kh8 1/2-1/2

[Event "Hofheim Spring op-B 4th"]
[White "Makilla, Tobias"]
[Black "Haftmann, Rainer"]
[Site "Hofheim"]
[Round "4"]
[Result "1/2-1/2"]
[Date "2016.03.31"]
[WhiteElo "1954"]
[BlackElo "1863"]
[PlyCount "104"]
[EventDate "2016.03.30"]
[EventType "swiss"]
[EventRounds "9"]
[EventCountry "GER"]
[SourceTitle "EXT 2018"]
[Source "ChessBase"]
[SourceDate "2017.10.13"]
[SourceVersion "1"]
[SourceVersionDate "2017.10.13"]
[SourceQuality "1"]

1. e4 e5 2. Nf3 Nc6 3. c3 d5 4. Qa4 dxe4 5. Nxe5 Qd5 6. Nxc6 bxc6 7. Bc4 Qd6 8. 0-0 Be6 9. Bxe6 Qxe6 10. Re1 f5 11. d3 Nf6 12. Bg5 Bc5 13. Bxf6 gxf6 14. dxe4 0-0-0 15. Qa5 Qxe4 16. Qa6+ Kb8 17. Rxe4 Rd1+ 18. Re1 Rxe1+ 19. Qf1 Rxf1+ 20. Kxf1 Rd8 21. b4 Bd6 22. Na3 Be5 23. Rc1 Rd2 24. Nc4 Rxa2 25. Na5 c5 26. Nc6+ Kb7 27. b5 Kb6 28. c4 a6 29. Nxe5 fxe5 30. bxa6 Kxa6 31. Re1 e4 32. g4 fxg4 33. Rxe4 h5 34. Re5 h4 35. Rxc5 Rc2 36. Rxc7 Kb6 37. Rc8 h3 38. Rf8 Rxc4 39. Ke2 Re4+ 40. Kd3 Ra4 41. Ke3 Ra3+ 42. Ke4 Kc6 43. Rf5 Kd6 44. Kf4 Ra4+ 45. Kg3 Ke6 46. Rf4 Ra3+ 47. Kxg4 Ke5 48. Rf3 Ra8 49. Kxh3 Ke4 50. Rg3 Kf4 51. Rg4+ Kf3 52. Rg3+ Kxf2 1/2-1/2

[Event "Frankfurt-chA"]
[White "Makilla, Tobias"]
[Black "Rutsatz, Mario"]
[Site "Frankfurt"]
[Round "5"]
[Result "0-1"]
[Date "2014.05.26"]
[WhiteElo "1762"]
[BlackElo "1896"]
[PlyCount "75"]
[EventDate "2014.04.28"]
[EventType "swiss"]
[EventRounds "7"]
[EventCountry "GER"]
[SourceTitle "EXT 2015"]
[Source "ChessBase"]
[SourceDate "2014.11.20"]
[SourceVersion "1"]
[SourceVersionDate "2014.11.20"]
[SourceQuality "1"]

1. e4 e6 2. d4 d5 3. Nd2 Nf6 4. e5 Nfd7 5. Bd3 c5 6. c3 Nc6 7. Ne2 cxd4 8. cxd4 f6 9. Nf4 Qe7 10. Qh5+ Qf7 11. Bg6 hxg6 12. Qxh8 Nxd4 13. 0-0 Nxe5 14. Nb3 Nxb3 15. axb3 g5 16. Ne2 Bd7 17. Be3 a6 18. Rfc1 Nc6 19. Bb6 Qg6 20. Qg8 Ne7 21. Qh8 Bc6 22. Nd4 Kf7 23. Qh3 g4 24. Qg3 e5 25. Nxc6 Nxc6 26. b4 Bxb4 27. Qb3 Qe4 28. Bc5 Kg6 29. Bxb4 Nxb4 30. Rc7 b6 31. Rb7 Nc2 32. Rc1 Nd4 33. Qd1 Ne2+ 34. Kh1 Nxc1 35. Qxc1 Rc8 36. Qd1 Rc2 37. f3 Qe2 38. Qg1 0-1

[Event "Frankfurt-chA"]
[White "Makilla, Tobias"]
[Black "Achtmann, Armin Ludwig"]
[Site "Frankfurt"]
[Round "3"]
[Result "0-1"]
[Date "2014.05.12"]
[WhiteElo "1762"]
[BlackElo "1915"]
[PlyCount "96"]
[EventDate "2014.04.28"]
[EventType "swiss"]
[EventRounds "7"]
[EventCountry "GER"]
[SourceTitle "EXT 2015"]
[Source "ChessBase"]
[SourceDate "2014.11.20"]
[SourceVersion "1"]
[SourceVersionDate "2014.11.20"]
[SourceQuality "1"]

1. e4 c6 2. d4 d5 3. e5 c5 4. dxc5 e6 5. Be3 Qa5+ 6. Nc3 Nc6 7. Bb5 Bd7 8. Bxc6 Bxc6 9. Qd4 Ne7 10. g4 Bd7 11. Nge2 Nc6 12. Qf4 Nb4 13. 0-0 Nxc2 14. Rac1 Nb4 15. Qd4 Rc8 16. a3 Nc6 17. Qf4 a6 18. b4 Qc7 19. Bd4 Be7 20. g5 Nxd4 21. Nxd4 h6 22. gxh6 Rxh6 23. Kh1 f5 24. Nf3 Kf7 25. Rg1 Rch8 26. Rg2 Qd8 27. Rcg1 g5 28. Nxg5+ Bxg5 29. Rxg5 Rxh2+ 30. Qxh2 Rxh2+ 31. Kxh2 Qh8+ 32. Kg2 Qxe5 33. Nd1 Bc6 34. Kh3 Qh8+ 35. Kg3 Kf6 36. Kf3 d4+ 37. Ke2 Bb5+ 38. Kd2 Qh6 39. f4 Qh2+ 40. R5g2 Qxf4+ 41. Kc2 d3+ 42. Kb3 Qc4+ 43. Kb2 Ba4 44. Rg6+ Ke5 45. Re1+ Kd4 46. Rgxe6 Qb3+ 47. Ka1 Qxa3+ 48. Kb1 Bc2# 0-1

[Event "Hofheim Spring op-B 2nd"]
[White "Janzen, Alexej"]
[Black "Makilla, Tobias"]
[Site "Hofheim"]
[Round "8"]
[Result "1/2-1/2"]
[Date "2014.04.26"]
[WhiteElo "1939"]
[BlackElo "1928"]
[PlyCount "149"]
[EventDate "2014.04.22"]
[EventType "swiss"]
[EventRounds "9"]
[EventCountry "GER"]
[SourceTitle "CBM 160 Extra"]
[Source "ChessBase"]
[SourceDate "2014.07.01"]
[SourceVersion "1"]
[SourceVersionDate "2014.07.01"]
[SourceQuality "1"]

1. Nf3 d5 2. d4 Nc6 3. Bf4 Bf5 4. e3 e6 5. Bd3 Bxd3 6. Qxd3 Bd6 7. c3 Bxf4 8. exf4 Qd6 9. g3 Nf6 10. Nbd2 0-0 11. 0-0 Ne7 12. Nb3 b6 13. Qa6 c6 14. Rfe1 Qc7 15. Qe2 c5 16. Rad1 a5 17. Nbd2 Rfb8 18. c4 cxd4 19. Nxd4 Qc5 20. N4b3 Qb4 21. a3 Qd6 22. Ne4 Nxe4 23. Qxe4 Rc8 24. cxd5 Nxd5 25. f5 Re8 26. fxe6 fxe6 27. Qg4 Re7 28. Nd4 Nf6 29. Rxe6 Qd7 30. Qe2 Rae8 31. Rxe7 Rxe7 32. Qc4+ Kh8 33. Rc1 Re8 34. Nf3 Qf5 35. Kg2 Rf8 36. Qc2 Qd5 37. Qc6 Qb3 38. Qc3 Qd5 39. Qd4 Qb7 40. Qf4 Qd5 41. Rc7 Qd3 42. Qc4 Qf5 43. Nh4 Qb1 44. Rc8 Rxc8 45. Qxc8+ Ng8 46. Qc3 Nf6 47. Qd4 Qe4+ 48. Qxe4 Nxe4 49. Nf3 Nc5 50. Ne5 Kg8 51. Kf3 Kf8 52. b4 axb4 53. axb4 Na6 54. b5 Nc7 55. Ke4 Ke7 56. Nc4 Nxb5 57. Nxb6 Ke6 58. Nc4 Nc7 59. f4 Ne8 60. Ne3 Nd6+ 61. Kd4 Nb5+ 62. Kc5 Nd6 63. g4 Ne4+ 64. Kd4 Nd6 65. f5+ Kf6 66. h4 h6 67. Nd5+ Kf7 68. Nf4 Kf6 69. Kd5 Nxf5 70. Nh5+ Kg6 71. Nf4+ Kf6 72. gxf5 Kxf5 73. Ng2 Kg4 74. Ke4 Kg3 75. Ne3 1/2-1/2

[Event "Hofheim Spring op-B 2nd"]
[White "Makilla, Tobias"]
[Black "Weber, Andreas"]
[Site "Hofheim"]
[Round "3"]
[Result "1-0"]
[Date "2014.04.23"]
[WhiteElo "1928"]
[BlackElo "1846"]
[PlyCount "63"]
[EventDate "2014.04.22"]
[EventType "swiss"]
[EventRounds "9"]
[EventCountry "GER"]
[SourceTitle "CBM 160 Extra"]
[Source "ChessBase"]
[SourceDate "2014.07.01"]
[SourceVersion "1"]
[SourceVersionDate "2014.07.01"]
[SourceQuality "1"]

1. e4 c6 2. d4 d5 3. e5 c5 4. dxc5 e6 5. Be3 Nh6 6. Bd4 Nf5 7. c3 Nxd4 8. cxd4 b6 9. Bb5+ Bd7 10. Bxd7+ Nxd7 11. c6 Bb4+ 12. Nd2 Nb8 13. Rc1 Qc7 14. Qa4 Bxd2+ 15. Kxd2 a6 16. Rc3 0-0 17. Nf3 b5 18. Qc2 a5 19. Rc5 Ra6 20. Rc1 Rb6 21. Qd3 Na6 22. Rxb5 Nb4 23. Qe2 Nxa2 24. Rcc5 Rxc6 25. Rxa5 Rxc5 26. Rxc5 Qa7 27. Qd3 Nb4 28. Qa3 Qb7 29. Qa5 Na6 30. Rb5 Qc6 31. Rb6 Qc4 32. Qxa6 1-0